000 00453nam a2200181 a 4500
001 3754
003 CO-ViMGA
008 141112s2004 ck r 000 u spa d
040 _aCO-ViMGA
_bspa
_cCO-ViMGA
082 0 4 _aA864.44 B673i
100 1 _aBorges, Jorge Luis
_92860
245 1 0 _aInquisiciones
260 _aBuenos Aires :
_bSix Barral,
_c1994
300 _a173 p
490 _aBiblioteca Breve
650 1 4 _aENSAYOS ARGENTINOS
942 _2ddc
_cBK
999 _c15775
_d15775